[Event "32 Indiv. Ch. Greece-Women U20"]
[Site "?"]
[Date "2009.01.07"]
[Round "6.4"]
[White "Andrikopoulou, Efstathia"]
[Black "Aggeli, Eleni"]
[Result "0-1"]
[WhiteElo "1651"]
[BlackElo "1875"]
[PlyCount "92"]
[EventDate "2009.01.02"]

1. e4 c5 2. Nf3 d6 3. d4 cxd4 4. Nxd4 Nf6 5. Nc3 a6 6. h3 b5 7. a3 Bb7 8. Qe2
Qc7 9. g4 Nc6 10. Nxc6 Bxc6 11. Bg2 g6 12. f4 Nd7 13. Bd2 Bg7 14. O-O Rc8 15.
Rae1 Nb6 16. f5 Nc4 17. Bg5 Bd4+ 18. Kh1 Nxb2 19. Nd5 Bxd5 20. exd5 f6 21. Bh6
Be5 22. fxg6 hxg6 23. Bf4 Qxc2 24. Be4 Rxh3+ 25. Kg2 Qb3 26. Bxg6+ Kd8 27. Bxe5
dxe5 28. Qf2 Nc4 29. Rh1 Rxh1 30. Kxh1 Qh3+ 31. Qh2 Qxh2+ 32. Kxh2 Nxa3 33. Ra1
b4 34. Kg2 Rc5 35. Be4 Kc7 36. g5 fxg5 37. Kf3 Rc4 38. Bd3 Rf4+ 39. Ke3 Nc4+
40. Ke2 a5 41. Rc1 Kd6 42. Bxc4 a4 43. Kd3 Rd4+ 44. Ke3 b3 45. Rc3 Rxc4 46.
Rxc4 b2 0-1

[Event "32 Indiv. Ch. Greece-Women U20"]
[Site "?"]
[Date "2009.01.07"]
[Round "6.5"]
[White "Malikentzou, Nafsika"]
[Black "Manelidou, Maria"]
[Result "0-1"]
[WhiteElo "1570"]
[BlackElo "2035"]
[PlyCount "76"]
[EventDate "2009.01.02"]

1. g3 g6 2. Bg2 Bg7 3. Nf3 f5 4. d4 Nf6 5. O-O O-O 6. b3 d6 7. Bb2 a5 8. c4 c6
9. Nc3 Qc7 10. Rc1 e5 11. e3 h6 12. h4 Be6 13. d5 Bf7 14. Qd2 Na6 15. Rfd1 Rfd8
16. a3 Nc5 17. Qc2 e4 18. Ne1 Qb6 19. Na4 Nxa4 20. bxa4 cxd5 21. Bxf6 Bxf6 22.
cxd5 Qb2 23. Qxb2 Bxb2 24. Rc7 Rab8 25. Rb1 Bxa3 26. Rcxb7 Rxb7 27. Rxb7 Bxd5
28. Rb5 Bc4 29. Rxa5 Bb4 30. Ra7 Bxe1 31. a5 Bb4 32. Rc7 d5 33. Rc6 Rd6 34.
Rc8+ Kf7 35. Rc7+ Kf6 36. Ra7 Ra6 37. Rh7 h5 38. Rc7 Bxa5 0-1

[Event "32 Indiv. Ch. Greece-Women U20"]
[Site "?"]
[Date "2009.01.08"]
[Round "7.1"]
[White "Pavlidou, Ekaterini"]
[Black "Sotiriadou, Ioanna"]
[Result "1-0"]
[WhiteElo "2150"]
[BlackElo "1518"]
[PlyCount "85"]
[EventDate "2009.01.02"]

1. d4 d6 2. c4 Nf6 3. Nc3 Nbd7 4. e4 e5 5. Nf3 exd4 6. Nxd4 Be7 7. Be2 Nc5 8.
Qc2 O-O 9. O-O Bg4 10. f3 Ne6 11. Be3 Nxd4 12. Bxd4 Be6 13. Nd5 Bxd5 14. exd5
Nd7 15. Bd3 h6 16. Rae1 Bf6 17. Qc3 Bxd4+ 18. Qxd4 Ne5 19. Bc2 Re8 20. f4 Nd7
21. Qd3 Nf6 22. Ba4 Nd7 23. Qf5 Rxe1 24. Rxe1 Nf6 25. h3 Qc8 26. Qd3 Nd7 27.
Bc2 Nf8 28. Re3 Qd8 29. Qf5 Qd7 30. Qxd7 Nxd7 31. Re7 Rd8 32. Bf5 Nb6 33. Rxc7
g6 34. Bd3 Rb8 35. b4 Kg7 36. Kf2 Kf6 37. Ke3 a6 38. Kd4 Nc8 39. c5 dxc5+ 40.
bxc5 Ne7 41. g4 g5 42. f5 Rd8 43. Be4 1-0

[Event "32 Indiv. Ch. Greece-Women U20"]
[Site "?"]
[Date "2009.01.08"]
[Round "7.2"]
[White "Ikonomopoulou, Maria"]
[Black "Terzidaki, Alexandra"]
[Result "1-0"]
[WhiteElo "2052"]
[BlackElo "1820"]
[PlyCount "85"]
[EventDate "2009.01.02"]

1. e4 e6 2. d3 d5 3. Qe2 Nf6 4. Nf3 c5 5. g3 b6 6. e5 Nfd7 7. Bg2 Bb7 8. O-O
Nc6 9. c4 dxc4 10. dxc4 Qc7 11. Rd1 Be7 12. Bf4 h6 13. h4 O-O-O 14. Nc3 a6 15.
Nd5 exd5 16. cxd5 Ncxe5 17. Nxe5 Nxe5 18. Bxe5 Bd6 19. Bxd6 Rxd6 20. Qg4+ Qd7
21. Qxg7 Rd8 22. Rd2 Qf5 23. Rad1 Bxd5 24. Bxd5 Rxd5 25. Rxd5 Rxd5 26. Rxd5
Qxd5 27. Qxh6 Kb7 28. h5 Qxa2 29. Qf6 Qd5 30. h6 Qh5 31. Qh4 Qd1+ 32. Kh2 Qe2
33. Kg2 Qe6 34. h7 Qd5+ 35. Kh2 Qf3 36. h8=Q Qxf2+ 37. Kh3 Qf5+ 38. Qg4 Qf1+
39. Kh2 Qf2+ 40. Kh3 Qf1+ 41. Kh4 Qh1+ 42. Qh3 Qe4+ 43. g4 1-0

[Event "32 Indiv. Ch. Greece-Women U20"]
[Site "?"]
[Date "2009.01.08"]
[Round "7.3"]
[White "Aggeli, Eleni"]
[Black "Paganoglou, Anastasia"]
[Result "1/2-1/2"]
[WhiteElo "1875"]
[BlackElo "1934"]
[PlyCount "75"]
[EventDate "2009.01.02"]

1. e4 c5 2. Nf3 e6 3. d4 cxd4 4. Nxd4 Nc6 5. c4 Nf6 6. Nc3 Bb4 7. Nxc6 bxc6 8.
e5 Ne4 9. Qd4 Qa5 10. Bd2 Nxd2 11. Kxd2 O-O 12. Bd3 d5 13. exd6 Rd8 14. a3 Qg5+
15. Qe3 Bxc3+ 16. bxc3 Qxe3+ 17. Kxe3 Rxd6 18. Rhd1 Kf8 19. Rab1 Ba6 20. c5
Rxd3+ 21. Rxd3 Bxd3 22. Kxd3 Rd8+ 23. Kc2 Ke7 24. Rb4 e5 25. Ra4 Rd7 26. Ra6
Rc7 27. Ra4 Ke6 28. c4 e4 29. Kc3 Ke5 30. Rb4 Rd7 31. a4 f5 32. a5 f4 33. a6 e3
34. fxe3 fxe3 35. Rb8 Rd1 36. Re8+ Kf4 37. Rf8+ Ke4 38. Re8+ 1/2-1/2

[Event "32 Indiv. Ch. Greece-Women U20"]
[Site "?"]
[Date "2009.01.08"]
[Round "7.4"]
[White "Manelidou, Maria"]
[Black "Andrikopoulou, Efstathia"]
[Result "1-0"]
[WhiteElo "2035"]
[BlackElo "1651"]
[PlyCount "135"]
[EventDate "2009.01.02"]

1. e4 c6 2. d4 d5 3. Nd2 dxe4 4. Nxe4 Bf5 5. Ng3 Bg6 6. Nh3 Nd7 7. c3 Ngf6 8.
Be2 e6 9. Bf3 Bd6 10. Ng5 Qc7 11. Be3 h6 12. N5e4 Bxe4 13. Nxe4 Nxe4 14. Bxe4
Nf6 15. Qf3 Nxe4 16. Qxe4 O-O-O 17. O-O-O g5 18. g3 Qa5 19. Kb1 Qd5 20. Qc2 Kb8
21. Qd2 Bc7 22. b3 Qe4+ 23. Kb2 Qf3 24. Qc2 Rd7 25. Rde1 Bb6 26. h4 g4 27. Rhf1
Bc7 28. Bc1 Qf6 29. Qe2 h5 30. a4 Rd5 31. Qc4 Qf5 32. Be3 Rhd8 33. b4 a6 34.
Qe2 Bb6 35. Bf4+ Bc7 36. Bxc7+ Kxc7 37. f3 gxf3 38. Rxf3 Qg6 39. Ref1 f5 40.
Re1 e5 41. c4 e4 42. cxd5 exf3 43. Qxf3 Rxd5 44. Re7+ Rd7 45. Qf4+ Kd8 46.
Rxd7+ Kxd7 47. Qb8 b5 48. Qb7+ Kd6 49. Qb8+ Kd7 50. Qa7+ Kd6 51. Qc5+ Kd7 52.
axb5 axb5 53. d5 Qf6+ 54. Kb1 Qd6 55. dxc6+ Kc7 56. Qxb5 Qd1+ 57. Kb2 Qd2+ 58.
Kb3 Qd1+ 59. Kc3 Qe1+ 60. Kc2 Qf2+ 61. Kd1 Qd4+ 62. Ke2 Qe4+ 63. Kf2 Qd4+ 64.
Kg2 Qe4+ 65. Kh2 Qc2+ 66. Kh3 Qe4 67. Qb7+ Kd6 68. Qd7+ 1-0

[Event "32 Indiv. Ch. Greece-Women U20"]
[Site "?"]
[Date "2009.01.08"]
[Round "7.5"]
[White "Papathanasiou, Elisavet"]
[Black "Malikentzou, Nafsika"]
[Result "1-0"]
[WhiteElo "1584"]
[BlackElo "1570"]
[PlyCount "51"]
[EventDate "2009.01.02"]

1. d4 g6 2. e4 Bg7 3. Nc3 d6 4. f4 a6 5. Nf3 b5 6. Bd3 Bb7 7. e5 c5 8. dxc5
dxc5 9. Qe2 e6 10. Be4 Nc6 11. Be3 c4 12. Rd1 Qc7 13. Qf2 Rd8 14. O-O Qc8 15.
Bb6 Rxd1 16. Rxd1 Nge7 17. Bxc6+ Nxc6 18. Bc5 Ne7 19. Ng5 Qa8 20. Qd4 Bd5 21.
Bxe7 Kxe7 22. Qc5+ Ke8 23. Nxd5 exd5 24. Rxd5 Qb7 25. Ne4 Qe7 26. Qc8+ 1-0